Geography Quiz

Random Geography or City Quiz

Homogeneously vowelled cities Quiz Stats

Quiz not verified by Sporcle

Challenge
Share
Tweet
Embed
Score 0/31 Timer 08:00
0 Plays Today
Vowel City % Correct
ADallas, TX
92.2%
OBoston, MA
86.8%
AAtlanta, GA
84.5%
EDenver, CO
78.3%
ATampa, FL
78.3%
OFort Worth, TX
66.7%
ASanta Ana, CA
65.1%
OProvo, UT
58.1%
ONorfolk, VA
51.2%
AGarland, TX
51.2%
ASavannah, GA
50.4%
IFlint, MI
50.4%
ETempe, AZ
48.8%
IBillings, MT
45.7%
ASanta Clara, CA
43.4%
OStockton, CA
42.6%
Vowel City % Correct
IIrving, TX
41.9%
ASanta Barbara, CA
38.8%
UDuluth, MN
38%
AArvada, CO
34.9%
ORockford, IL
33.3%
EKent, WA
33.3%
EEverett, WA
32.6%
OConcord, CA
31.8%
YLynn, MA
31.8%
OThornton, CO
21.7%
OCompton, CA
20.2%
ASparks, NV
17.1%
OLongmont, CO
15.5%
OBrockton, MA
13.2%
ACarlsbad, CA
10.1%

You're not logged in!

Compare scores with friends on all Sporcle quizzes.
Join for Free
OR
Log In

You Might Also Like...

Show Comments

Extras

Created Jun 20, 2011ReportNominate
Tags:City Quiz, vowel

Top Quizzes Today


Score Distribution

Your Account Isn't Verified!

In order to create a playlist on Sporcle, you need to verify the email address you used during registration. Go to your Sporcle Settings to finish the process.

Report this User

Report this user for behavior that violates our Community Guidelines.

Details: